LEADER 01309nam a2200265 a 4500 001 000000122212 003 CaOOAMICUS 005 20100611100334.0 008 100611s2008 sp m 001 0 spa r 020 $a978-84-8455-283-3 040 $aPUL$bita$dReb 082 04$a322 100 1 $aRomán Castro, Francisco,$csac.,$d1967-$0(OLS)http://pul/name/74894 245 10$aIncidencia del Estado autonomico en las relaciones Iglesia-Estado :$blos acuerdos de los obispos del sur de Espana con la junta de Andalucia /$cFrancisco Román Castro. 260 $aSevilla :$bFundacion Cajasol,$c2008. 300 $a469 p. ;$c24 cm 504 $aBibliografia p. [425]-463. 650 4$aChiesa e stato$zSpagna.$0(OLS)http://pul/subject/1717 850 $aPUL 852 $aPUL$W1$xSL Diritto e Scienze Sociali 3$y79$m322 CASFR 1$j140271$qDDC 21$B139448$CPULBib$Z2$F139448 $H109442 $82 941 1 $a9 996 $6020$a978-84-8455-283-3$9(OLS)http://pul/number/144544 996 $6082$a322$9(OLS)http://pul/classification/512 996 $6245$aIncidencia del Estado autonomico en las relaciones Iglesia-Estado :$blos acuerdos de los obispos del sur de Espana con la junta de Andalucia$9(OLS)http://pul/title/150710 996 $6260$aSevilla :$bFundacion Cajasol$9(OLS)http://pul/publisher/81346 LEADER 01607nam a2200301 a 4500 001 000000169842 003 CaOOAMICUS 005 20181009141520.0 008 181009s2018 it u000 u ita r 020 $a978-88-6995-405-4* 032 $aLibriCat 040 $aPUL$bita 082 14$a342.082 245 00$aStranieri e diritto : $bimmigrazione, diritti umani e misure di prevenzione; soggiorno e permanenza nello stato; lavoro, famiglia e tutela dei minori; reati e trattamento processuale; procedure di espulsione / $ca cura di Costantino De Robbio . 260 $aOspedaletto (Pisa) :$bPacini Giuridica,$c©2018. 300 $a621 p. ; $c24 cm. 490 1 $aSapere professionale ;$v10 650 4$aImmigrati$xDiritto$zItalia.$0(OLS)http://pul/subject/33617 700 1 $aDe Robbio, Costantino.$0(OLS)http://pul/name/109301 830 0$aSapere professionale ;$v10.$0(OLS)http://pul/title/210501 850 $aPUL 852 $aPUL$W1$xSL Diritto e Scienze Sociali 3$y79$m342. 082 DERCO 1$j192761$qDDC 21$B197951$CPULBib$Z2$F197951 $H131312 $81 941 1 $a9 996 $6020$a978-88-6995-405-4*$9(OLS)http://pul/number/164842 996 $6082$a342.082$9(OLS)http://pul/classification/2243 996 $6245$aStranieri e diritto : $bimmigrazione, diritti umani e misure di prevenzione; soggiorno e permanenza nello stato; lavoro, famiglia e tutela dei minori; reati e trattamento processuale; procedure di espulsione / $9(OLS)http://pul/title/210500 996 $6260$aOspedaletto (Pisa) :$bPacini Giuridica$9(OLS)http://pul/publisher/86747